| 000 | 00796nam a22002177a 4500 | ||
|---|---|---|---|
| 003 | OSt | ||
| 005 | 20170620161335.0 | ||
| 008 | 170523s2017 spc|||||||||||0|| ||spa|d | ||
| 017 | _aDL. B.7326-2017 | ||
| 020 | _a9788491167518 | ||
| 040 |
_aES-BaUAB _bcat _cCDMR |
||
| 100 | 1 | _aSerrano, Pipo, | |
| 245 | 1 | 3 |
_aLa cobertura digital de una campaña electoral _b: estrategia, narrativas y uso del periodismo móvil (mojo) / _cPipo Serrano ; prólogo de Josep Cuní |
| 250 | _aPrimera edición en lengua castellana | ||
| 260 |
_aBarcelona . _bEditorial UOC, _c2017 |
||
| 300 |
_a119 pàgines ; _c21 cm |
||
| 650 | 4 | _aCampanya electoral | |
| 650 | 0 | 4 |
_aComunicació en la política _xInnovacions tecnològiques _93324 |
| 700 | 1 |
_aCuní, Josep _d1953- _eescriptor d’un pròleg _91754 |
|
| 942 |
_cMON _2udc |
||
| 999 |
_c7038 _d7038 |
||